Welcome to CU Library Online Public Access Catalogue (OPAC)

COUNSSELING CHRISTIAN WORKERS; (Record no. 7463)

MARC details
000 -LEADER
fixed length control field 00390nam a22001457a 4500
005 - DATE AND TIME OF LATEST TRANSACTION
control field 20250905135021.0
008 - FIXED-LENGTH DATA ELEMENTS--GENERAL INFORMATION
fixed length control field 250905b |||||||| |||| 00| 0 eng d
020 ## - INTERNATIONAL STANDARD BOOK NUMBER
International Standard Book Number 9780849936081
050 ## - LIBRARY OF CONGRESS CALL NUMBER
Classification number BV4398
Item number .5 MCB
100 ## - MAIN ENTRY--PERSONAL NAME
Personal name MCBURNEY LOUIS
245 ## - TITLE STATEMENT
Title COUNSSELING CHRISTIAN WORKERS;
Remainder of title A HOW TO APPROACHLO
260 ## - PUBLICATION, DISTRIBUTION, ETC.
Place of publication, distribution, etc. LONDON
Name of publisher, distributor, etc. WORD PUBLISHING
Date of publication, distribution, etc. c1986
300 ## - PHYSICAL DESCRIPTION
Extent 292p
942 ## - ADDED ENTRY ELEMENTS (KOHA)
Source of classification or shelving scheme Library of Congress Classification
Koha item type Books
Suppress in OPAC No
999 ## -
-- 7463
-- 7463
Holdings
Withdrawn status Lost status Source of classification or shelving scheme Damaged status Not for loan Collection Home library Current library Shelving location Date acquired Total checkouts Full call number Barcode Date last seen Copy number Price effective from Koha item type
    Library of Congress Classification     Non-fiction Undergraduate Library (Christ Temple) Undergraduate Library (Christ Temple) General stacks 09/05/2025   BV4398.5 MCB ulct00004638 09/05/2025 1 09/05/2025 Books
© 2023-2024 Copyright: Central University Libraries. All Rights Reserved | Created by: Mahone Tech Office